000 02446nam a2200433 c 4500
003 BLK
005 20180421000909.0
008 180411b bul|||||r ||||||| ||bul||
010 _aKNG00203275000
020 _a978-954-07-4203-8
_bиздат.: Унив. изд. Св. Климент Охридски
040 _aBLK
041 _aBUL
_cBUL
_hENG
072 7 _2bullib
_aН33
_xИкономика Н
080 _aЕвропейски съюз (икон. аспекти)
_b339.923:061.1ЕС
_x(063)
_z339.923:061.1ЕС(063)
080 _aПари. Банково дело. Борса. Валутен борд. Вж и 347.73 ; 368
_b336.7
_x(497.2)(063)
_z336.7(497.2)(063)
110 1 _aМеждународна науч.-прил. конф. Предизвикателства пред финансово управление и контрол на средствата от Европейския съюз. София
_9346486
139 _aПредизвикателства пред финансово управление и контрол на средствата от Европейския съюз
_bП 86
245 1 0 _aПредизвикателства пред финансово управление и контрол на средствата от Европейския съюз
_bДокл. от междунар. науч.-прил. конф., проведена през ноем. 2016 г. в гр. София
257 _aBGR
260 София
_bУнив. изд. Св. Климент Охридски
_c2016
300 _a368 с.
_bсъс сх.
_c24 см
380 _a3
500 _aТекст и на англ. ез. - Рез. на бълг., англ. ез. - Библиогр. под линия.
650 4 _aЕвропейски съюз - конгреси, конференции, съвещания
_9269885
650 4 _aЕвропейски съюз - икономически аспекти
_9266913
650 4 _aБългария - финанси
_9268892
651 4 _aЕвропейски съюз
_9258188
651 4 _aБългария
_9241624
653 _aЕС
653 _aфинансов контрол
653 _aфинансови инструменти
653 _aконференции
659 _aН
852 _aЦб 284674
856 4 _qpdf
_u
856 4 _qpdf
_u
942 _cKNG
_n0
944 _aCR
_c16.03.2017
_lф /
_kВиолета_Тройчева
944 _aED
_c16.05.2017
_lф /
_kЛюдмила_Стоянова
999 _c194051
_d194051